United States tree books : (Record no. 11475)

MARC details
000 -LEADER
fixed length control field 00987cam a22002771a 4500
001 - CONTROL NUMBER
control field agr52000509
003 - CONTROL NUMBER IDENTIFIER
control field DLC
005 - DATE AND TIME OF LATEST TRANSACTION
control field 20260227111017.0
008 - FIXED-LENGTH DATA ELEMENTS--GENERAL INFORMATION
fixed length control field 770721s1952 dcu b f000 0 eng c
010 ## - LIBRARY OF CONGRESS CONTROL NUMBER
LC control number agr52000509
035 ## - SYSTEM CONTROL NUMBER
System control number (OCoLC)3131424
040 ## - CATALOGING SOURCE
Original cataloging agency U. S. Dept. of Agr. Libr.
Transcribing agency CCC
Modifying agency CCC
-- DNAL
-- DLC
042 ## - AUTHENTICATION CODE
Authentication code premarc
043 ## - GEOGRAPHIC AREA CODE
Geographic area code n-us---
050 00 - LIBRARY OF CONGRESS CALL NUMBER
Classification number Z1009
Item number .U57 no. 20
070 0# - NATIONAL AGRICULTURAL LIBRARY CALL NUMBER
Classification number 1
Item number Ag84Bi no.20
072 0# - SUBJECT CATEGORY CODE
Subject category code F700
-- K001
-- X200
082 ## - DEWEY DECIMAL CLASSIFICATION NUMBER
Classification number 016.591216 s
-- 016.591973
100 1# - MAIN ENTRY--PERSONAL NAME
Personal name Dayton, William Adams,
Dates associated with a name 1885-
245 10 - TITLE STATEMENT
Title United States tree books :
Remainder of title a bibliography of tree identification /
Statement of responsibility, etc. by William A. Dayton.
260 ## - PUBLICATION, DISTRIBUTION, ETC.
Place of publication, distribution, etc. [Washington, D.C.] :
Name of publisher, distributor, etc. U.S. Dept. of Agriculture,
Date of publication, distribution, etc. 1952.
300 ## - PHYSICAL DESCRIPTION
Extent 32 p. ;
Dimensions 24 cm.
490 1# - SERIES STATEMENT
Series statement Bibliographical bulletin / United States Department of Agriculture ;
Volume/sequential designation no. 20
650 #0 - SUBJECT ADDED ENTRY--TOPICAL TERM
Topical term or geographic name entry element Trees
Geographic subdivision United States
Form subdivision Bibliography.
830 #0 - SERIES ADDED ENTRY--UNIFORM TITLE
Uniform title Bibliographical bulletin (United States. Department of Agriculture) ;
Volume/sequential designation no. 20.

No items available.

Powered by Koha